Sports Quiz

Random Sports or Logo Quiz

Sports Apparel Brands by Logo Quiz Stats

 Plays Quiz Updated Oct 12, 2018

Challenge
Share
Tweet
Score 0/16 Timer 03:00
0 Plays Today
Number Brand % Correct
Nike
99.7%
Puma
97.4%
Adidas
95.9%
Wilson
89.8%
New Balance
89.5%
Reebok
87.5%
Under Armour
86.7%
Champion
83.5%
Number Brand % Correct
Asics
73.9%
Rawlings
55.7%
Easton
52.1%
And 1
46.6%
Russell
45.6%
Head
42.7%
Mizuno
35.8%
Spalding
26.3%

You're not logged in!

Compare scores with friends on all Sporcle quizzes.
OR
Log In

You Might Also Like...

Show Comments

Extras

Top Quizzes Today


Score Distribution

Your Account Isn't Verified!

In order to create a playlist on Sporcle, you need to verify the email address you used during registration. Go to your Sporcle Settings to finish the process.

Report this User

Report this user for behavior that violates our Community Guidelines.

Details: